000 01633ngm a22003377i 4500
001 IT\ICCU\UBO\1719008
003 ItRI
005 20260124182819.0
008 020628s1993 it |||||||||||||||k|||||c
040 _bita
041 7 _aita
_2ISO-639-2
130 4 _aThe lodger
_3IT\ICCU\VIA\0076052
_9Lowndes, Marie Belloc
245 0 4 _aThe Lodger :
_bil pensionante : una storia della nebbia a Londra /
_cregia di Alfred Hitchcock ; sceneggiatura di Alfred Hitchcock e Eliot Stannard ; tratto dal romanzo di Belloc-Lowndes.
260 _a[IT?] :
_bN.I.C.,
_cc1993
300 _a1 videocassetta (VHS) (ca 59 min.) :
_bb/n, muto
500 _aInterpreti: Ivor Novello, June Marie Ault, Arthur Chesney ; didascalie in italiano
500 _aDescrizione basata sul contenitore.
500 _atit. originale
_0IT\ICCU\VIA\0076052
700 1 _aHitchcock, Alfred
_0IT\ICCU\CFIV\007729
_4drt
700 1 _aLowndes, Marie Belloc
_0IT\ICCU\SBLV\104590
_4ant
700 1 _aNovello, Ivor
_0IT\ICCU\TO0V\342448
_4act
700 1 _aStannard, Elliot
_0IT\ICCU\TO0V\342449
_4sce
700 1 _aChesney, Arthur
_c (attore)
_0IT\ICCU\UBOV\646577
_4act
700 1 _aAult, June Marie
_0IT\ICCU\UBOV\646579
_4act
790 1 _aHitchcock, Alfred Joseph
_3IT\ICCU\SBNV\034806
_zHitchcock, Alfred
790 1 _aLowndes, Belloc
_3IT\ICCU\LIGV\057724
_zLowndes, Marie Belloc
790 1 _aBelloc-Lowndes, Marie Adelaide
_3IT\ICCU\SBNV\007001
_zLowndes, Marie Belloc
790 1 _aBelloc, Marie Adelaide
_3IT\ICCU\SBNV\007002
_zLowndes, Marie Belloc
790 1 _aLowndes, Marie Adelaide Belloc
_3IT\ICCU\SBNV\007003
_zLowndes, Marie Belloc
942 _2ddc
_cVM
_n0
999 _c22649
_d22649